000 00484nam a22001577a 4500
008 180903b xxu||||| |||| 00| 0 eng d
020 _a9966992510
050 _a DT30
_b.A84 1996
100 _a Aseka, Eric Masinde
245 _aAfrica in the 21st century /
_cEric Masinde Aseka
260 _a Eldoret [Kenya] :
_bZapf Chancery,
_cc1996
300 _a59 p. ;
_c21 cm
650 _a Africa
_xHistory
_y1960-
650 _aAfrica
_xPolitics and government
_y1960-
942 _2lcc
_cBK
999 _c53499
_d53499